River and inland waterways in Indonesia; (Record no. 89353)

MARC details
000 -LEADER
fixed length control field 00757nam a2200205 4500
001 - CONTROL NUMBER
control field sa 68020317
003 - CONTROL NUMBER IDENTIFIER
control field DLC
005 - DATE AND TIME OF LATEST TRANSACTION
control field 20260227112723.0
008 - FIXED-LENGTH DATA ELEMENTS--GENERAL INFORMATION
fixed length control field 731210s1968 io s 00000 eng
010 ## - LIBRARY OF CONGRESS CONTROL NUMBER
LC control number sa 68020317
025 ## - OVERSEAS ACQUISITION NUMBER
Overseas acquisition number PL480:Indo-8594
043 ## - GEOGRAPHIC AREA CODE
Geographic area code a-io---
050 0# - LIBRARY OF CONGRESS CALL NUMBER
Classification number HE695
Item number .S85 1968
100 00 - MAIN ENTRY--PERSONAL NAME
Personal name Sunarjo.
245 10 - TITLE STATEMENT
Title River and inland waterways in Indonesia;
Remainder of title submitted in relevant to the United Nations Inter-regional Seminar on Technico-Economic, Organizational and Administrative Aspects of Inland Water-Borne Transport, to be held in Leningrad (USSR) from 9 to 29 September 1968.
260 0# - PUBLICATION, DISTRIBUTION, ETC.
Place of publication, distribution, etc. [Djakarta?
Date of publication, distribution, etc. 1968?]
300 ## - PHYSICAL DESCRIPTION
Extent 11, iv l.
Dimensions 32 cm.
500 ## - GENERAL NOTE
General note Cover title.
650 #0 - SUBJECT ADDED ENTRY--TOPICAL TERM
Topical term or geographic name entry element Inland water transportation
Geographic subdivision Indonesia.

No items available.

Powered by Koha